000 01344nam a2200229Ia 4500
003 Ost
005 20260507075353.0
008 260507s9999||||xx |||||||||||||| ||und||
020 _a60697499579
040 _cfsecg
041 _aara
082 _a330
100 _aالفسفوس، فؤاد
_eمؤلف
245 0 _aالبنوك الإسلامية :
_bوفق الخطة الدراسية لجامعة البلقاء التطبيقية والجامعات الخاصة /
_c فؤاد الفسفوس
260 _aعمان:
_bدار كنوز المعرفة العلمية للنشر والتوزيع,
_c2010
300 _a208 صفحة؛
_bإيضاحات ؛
_c24 سم
520 _aالأجر والربا- الربا في معناه وتقسيماته الفقهية- وقائع تأسيس البنوك الإسلامية- الرقابة على البنوك الإسلامية- نظام المضاربة ومدى صلاحيته للإستثمار الجماعي- التوظيف بناء على مبدأ المشاركة في الربح والخسارة- الودائع والإستثمار في البنوك الإسلامية- قياس وتوزيع الربح في البنوك الإسلامية
653 _aالإقتصاد الإسلامي
653 _aالبنوك
653 _aالبنوك الإسلامية
942 _cكتاب
999 _c44165
_d44165